00818nam a2200217 a 450000100100000000500170001000800410002702000150006804000250008308200160010810000370012424501020016126000520026330000210031549000320033670000300036870000320039883000390043095201140046999900170058300003552620200930074416.0111103s2002 ag 000 0 spa d a9500722607 aDO-SdBNPbspacBNPHU axxxxbH655n1 aHilsenrath, Edgar,d1926-96141213aEl nazi y el peluquero /cEdgar Hilsenrath ; traducción Mariano Grynszpan, Alejandra Obermeier. aBuenos Aires, Argentina :bSudamericana,c2002. a319 p. ;c22 cm.1 aNarrativas contemporáneas1 aGrynszpan, Mariano9614131 aObermeier, Alejandra961414 0aNarrativas contemporáneas961415 001050718MOaGRbGRcCTd2011-11-03iLF1l0oxxxx H655np35526-10r2020-06-25w2020-06-25y1ZNo se presta c35017d35017